Music Quiz

Random Music or Lyrics Quiz

Song Lyric from Song Titles Quiz Stats

 Plays Quiz not verified by Sporcle

Challenge
Share
Tweet
Embed
Score 0/20 Timer 03:00
0 Plays Today
Song Title Lyric % Correct
Genie ________ a Bottlein
100%
________ Don't Want To Miss a ThingI
98%
The Boy ________ Mineis
98%
I Will Always Love ________you
96%
Get Outta My ________, Get Into My Cardreams
88%
When Can I ________ Yousee
86%
________ Do I Livehow
84%
Where ________ Girls At?my
82%
This ________ Promise YouI
82%
There You ________go
82%
Song Title Lyric % Correct
I'm ________ WomanEvery
80%
________ Gotta Beyou
78%
Gotta Tell ________you
78%
________ Bended Kneeon
78%
________ TryI
74%
I Need to ________know
74%
Give Me Just One ________night
72%
Doo Wop ( ________ Thing)That
72%
Giving Him Something He Can ________feel
64%
Song Being GuessedMy Heart Will Go On
62%

You're not logged in!

Compare scores with friends on all Sporcle quizzes.
OR
Log In

You Might Also Like...

Show Comments

Extras

Top Quizzes Today


Score Distribution

Your Account Isn't Verified!

In order to create a playlist on Sporcle, you need to verify the email address you used during registration. Go to your Sporcle Settings to finish the process.

Report this User

Report this user for behavior that violates our Community Guidelines.

Details: